Регионална библиотека "Любен Каравелов" - Русе

Моментът (Запис номер 159770)

MARC детайли
000 -Лидер
Контролно поле с фиксирана дължина 01383nam a2200361 c 4500
003 - Код на организацията, давaща контролен номер
Контролно поле BLK
005 - Дата и час на последна редакция
Контролно поле 20250709140110.0
008 - Елементи от данни с фиксирана дължина
fixed length control field 180410b bul|||||r ||||||| ||bul||
010 ## - Наследен системен номер
LC control number KNG00166944000
020 ## - Международен стандартен номер на книга ISBN
Международен стандартен номер на книга ISBN 978-619-150-092-5
040 ## - Източник на каталожния запис
Идентификатор на билиотеката - собственик на записа BLK
041 ## - Код за език
Код за езика на текст/звукозапис или на отделно заглавие Български
Код за езика КДБФ Български
072 #7 - Код за тематичната категория
Код организация bullib
Код за тематична категория Н8301
Текст Трилъри Н
080 ## - УДК
Текстов определител УДК Американска литература (на САЩ)
УДК код - определител по УДК 821.111(73)
УДК определител -31
УДК - код + определител 821.111(73)-31
100 1# - Редна дума - Автор
Автор Кенеди, Дъглас
R(LIN) 265304
139 ## - Редно поле
Редна дума Кенеди, Дъглас
Авторски знак Кел - К 50
245 10 - Сведения за заглавието
Заглавие Моментът
Редно поле (дума) Дъглас Кенеди; прев. от англ. Невена Венциславова Кръстева.
257 ## - Страна на издаване
Страна на създаване/издаване Съединени американски щати
260 ## - Област на издателските данни
Име на издателя, разпространителя и проч. Колибри
Година на издаване 2012
Печатница София : Инвестпрес
300 ## - Физическа характеристика
Страници 423 с.
Размери/Мащаб 22 см
380 ## - Жанр
Жанр Худож. лит.
490 1# - СЕРИИ (Колекции)
Име на серия Съвременни трилъри
500 ## - Общи забележки
Забележка Ориг. загл.: The moment / Douglas Kennedy
659 ## - Тематичен бюлетин
Тематичен бюлетин Н
700 1# - Други автори (авторска отговорност)
Лично име Кръстева, Невена Венциславова
Автороска отговорност (Описва отношението между автора и произведението) прев. от англ.
Друга информация Дишлиева-Кръстева, Невена Венциславова
9 (RLIN) 377572
852 ## - Местоположение
Форматна сигнатура Цб 271381
856 4# - Електронен адрес и достъп
Електронен формат pdf - файл
856 4# - Електронен адрес и достъп
Електронен формат pdf - файл
999 ## - СИСТЕМНИ КОНТРОЛНИ НОМЕРА
Koha biblionumber 159770
Koha biblioitemnumber 159770
942 ## - АРТИКУЛИ
Вид на библиотечния материал Книги
Скрит в OPAC Не
Периодичен библиозапис Да
Koha issues (borrowed), all copies 20
944 ## - СЪЗДАВАНЕ И РЕДАКЦИЯ на ЗАПИСА
Създаване/Редакция Създаване
Дата на регистрацията/редакция 07.11.2014
Служител, извършил регистрацията/редакцията 30576
Статус, дата на статуса Цветомила Тодорова
944 ## - СЪЗДАВАНЕ И РЕДАКЦИЯ на ЗАПИСА
Създаване/Редакция Редакция
Дата на регистрацията/редакция 27.05.2015
Служител, извършил регистрацията/редакцията Грета_Цуфелде
999 ## - СИСТЕМНИ КОНТРОЛНИ НОМЕРА
Koha biblioitemnumber 159770
Наличности
Код за отписване Код за изгубен артикул Код за повреда Коз за рестрикции Код за отдаване Артикулен № Име на библиотеката - собственик Име на библиотеката, в която се намира в момента Статус (Текущо местоположение) Дата на вписване в системата Местоположение - отдел Цена в лева Инвентарен номер Систематично азбучна сигнатура Баркод Номер на екземпляра Цена в евро Служебна бележка Служебен тип на артикула Източник на класификационната схема
  Не е изгубен Не е повреден без рестрикции ползва се в читалня 267015 Регионална библиотека "Любен Каравелов" Русе Регионална библиотека "Любен Каравелов" Русе Хранилище 2014-11-11 Хранилище 20.00 120000782157 Цб 271381 120000782157 1 10.23 Дост: Dp Вид: Д N: 7 Дата: 05.02.2014 Книги  
  Не е изгубен Не е повреден без рестрикции заемане за дома 880432 Регионална библиотека "Любен Каравелов" Русе Регионална библиотека "Любен Каравелов" Русе Заемна - подръчен фонд 2022-04-05 Заемна - подръчен фонд 20.00   821-31/К 50 Д 120000870480   10.23   Книги Universal Decimal Classification
Vip Innovations Ltd, Rousse, Bulgaria 2025